Teacher education and its discontents : (Record no. 51920)

MARC details
000 -LEADER
fixed length control field 00752nam a2200253Ia 4500
005 - DATE AND TIME OF LATEST TRANSACTION
control field 20260429112022.0
008 - FIXED-LENGTH DATA ELEMENTS--GENERAL INFORMATION
fixed length control field 260429s9999||||xx |||||||||||||| ||und||
020 ## - INTERNATIONAL STANDARD BOOK NUMBER
International Standard Book Number 9781032727509
041 ## - LANGUAGE CODE
Language English
082 ## - DEWEY DECIMAL CLASSIFICATION NUMBER
Classification number 370.711
Item number MAG
100 ## - MAIN ENTRY--PERSONAL NAME
Personal name Magnússon, Gunnlaugur
245 #0 - TITLE STATEMENT
Title Teacher education and its discontents :
Remainder of title politics, knowledge, and ethics /
Statement of responsibility, etc Gunnlaugur Magnússon
250 ## - EDITION STATEMENT
Edition statement 1st ed.
260 ## - PUBLICATION, DISTRIBUTION, ETC. (IMPRINT)
Place of publication, distribution, etc New York :
Name of publisher, distributor, etc Routledge,
Date of publication, distribution, etc 2025.
300 ## - PHYSICAL DESCRIPTION
Extent xviii, 208 p.; pbk
440 ## - SERIES STATEMENT/ADDED ENTRY--TITLE
Title Local/Global Issues in Education
650 ## - SUBJECT ADDED ENTRY--TOPICAL TERM
Topical term or geographic name as entry element Education policy
650 ## - SUBJECT ADDED ENTRY--TOPICAL TERM
Topical term or geographic name as entry element Educational ethics
650 ## - SUBJECT ADDED ENTRY--TOPICAL TERM
Topical term or geographic name as entry element Teacher education
700 ## - ADDED ENTRY--PERSONAL NAME
Personal name Heimans, Stephen
700 ## - ADDED ENTRY--PERSONAL NAME
Personal name Phelan, Anne M.
700 ## - ADDED ENTRY--PERSONAL NAME
Personal name Unsworth, Ruth
942 ## - ADDED ENTRY ELEMENTS (KOHA)
Koha item type Text Books
Holdings
Withdrawn status Lost status Damaged status Not for loan Collection code Home library Location Shelving location Date of Cataloging Source of acquisition Total Checkouts Full call number Barcode Date last seen Price effective from Koha item type
        Non-fiction CUTN Central Library CUTN Central Library Social Sciences 29/04/2026 SansRack Publishing Solutions, Chennai - Invoice No. S131/25-26 on 11-02-2026   370.711 MAG 56959 29/04/2026 29/04/2026 Text Books